Carpaccio : The Major Pictorial Cycles /
Guardado en:
| Autor principal: | |
|---|---|
| Formato: | Libro |
| Idioma: | Inglés |
| Publicado: |
Milán, Italia :
Skira,
2000, c2000
|
| Temas: | |
| Etiquetas: |
Sin etiquetas, Sé el primero en etiquetar este registro!
|
MARC
| LEADER | 00000nam^a2200000^a^4500 | ||
|---|---|---|---|
| 001 | 000371817 | ||
| 005 | 20250521000000.0 | ||
| 009 | 20260526142400.065 | ||
| 020 | |a 88-8118-737-X | ||
| 037 | |a Acervo ITESO - Biblioteca | ||
| 041 | |a ING | ||
| 082 | |a 759. 5 |b CAR MAS | ||
| 100 | |a Carpaccio, Vittore |e (autor) | ||
| 245 | 1 | 0 | |a Carpaccio : |b The Major Pictorial Cycles / |c V. Carpaccio ; texto de S. Mason ; tr. por Andrew Ellis. |
| 264 | 4 | |a Milán, Italia : |b Skira, |c 2000, c2000 | |
| 300 | |a 222 p. | ||
| 336 | |a texto |b txt |2 rdacontenido | ||
| 337 | |a sin mediación |b n |2 rdamedio | ||
| 338 | |a volumen |b nc |2 rdasoporte | ||
| 585 | |a Exposición DIA 2022-04/05 / De paseo con los libros por la ruta del placer | ||
| 649 | |a XX | ||
| 650 | |a Pintores Italianos | ||
| 650 | |a Artistas Italianos | ||
| 650 | |a Pintura Religiosa - |z Venecia, Italia - |x Historia y Crítica - |x Tema Principal | ||
| 650 | |a Pintura Religiosa - |z Italia - |x Historia y Crítica | ||
| 650 | |a Pintura Renacentista - |z Venecia, Italia - |x Historia y Crítica | ||
| 650 | |a Pintura Renacentista - |z Italia - |x Historia y Crítica | ||
| 650 | |a Pintura Italiana - |x Historia y Crítica | ||
| 650 | |a Arte Religioso - |z Venecia, Italia - |x Historia y Crítica | ||
| 650 | |a Arte Religioso - |z Italia - |x Historia y Crítica | ||
| 650 | |a Arte Renacentista - |z Venecia, Italia - |x Historia y Crítica | ||
| 650 | |a Arte Renacentista - |z Italia - |x Historia y Crítica | ||
| 650 | |a Arte Italiano - |x Historia y Crítica | ||
| 650 | |a Carpaccio, Vittore - |x Tema Principal | ||
| 910 | |a Fondo General | ||
| 920 | |a Impresos - Libros | ||
| 930 | |a Reserva Especial | ||
| 905 | |a 103 | ||
| 901 | |a 0500265794 |b IT1 |c REE |i C150473 |u 20250521 | ||
| 902 | |a https://opac.biblio.iteso.mx/vufind/Record/000371817 | ||